Márgenes e instituciones: arte en Chile desde 1973

Guardat en:
Dades bibliogràfiques
Autor principal: Richard, Nelly (Autor)
Format: Llibre
Idioma:espanyol
Publicat: Santiago Metales Pesados 2007
Edició:2a. ed
Col·lecció:Escena de Avanzada y Sociedad. Documento FLACSO, 46
Matèries:
Etiquetes: Afegir etiqueta
Sense etiquetes, Sigues el primer a etiquetar aquest registre!

MARC

LEADER 00000cam a2200000 a 4500
001 UCI4238
003 CL-VaPUC
008 080104e20070000CL |||||||||||||||||spa|d
020 |a 9789568415112 
082 0 4 |a 709.83  |b RIC  |2 21 
100 0 |a Richard, Nelly  |e author  |9 526035 
245 1 0 |a Márgenes e instituciones: arte en Chile desde 1973 
250 |a 2a. ed 
300 |a 199 p 
942 |c BK 
945 |d 20080104 00:00:00  |a jtorresc 
260 |a Santiago  |b Metales Pesados  |c 2007 
650 0 |a Arte chileno   |9 369871 
650 0 |a Pintura chilena  |9 266171 
650 0 |a Dibujo   |9 260181 
650 0 |a Fotografía  |9 268495 
650 0 |a Arte comercial   |9 345354 
650 7 |a EXPOSICIONES CULTURALES  |2 CL-VaPUC  |9 526036 
651 7 |a CHILE  |2 CL-VaPUC  |9 526037 
583 |a last modification  |c 20170920 09:56:12  |k Rodrigo Vera 
490 0 |a Escena de Avanzada y Sociedad. Documento FLACSO, 46 
999 |c 328207  |d 328205 
952 |0 0  |1 1  |2 ddc  |4 0  |6 709_830000000000000_RIC_2007  |7 0  |8 R  |9 412003  |a BIBART  |b BIBART  |d 2019-11-22  |i 4399242  |o 709.83 RIC 2007  |p 4399242  |r 2019-11-22  |w 2019-11-22  |y BK  |k ART 
952 |0 0  |1 0  |2 ddc  |3 erb  |4 0  |6 709_830000000000000_RIC_2007  |7 0  |8 R  |9 412004  |a BIBART  |b BIBART  |i 5424658  |l 16  |m 1  |o 709.83 RIC 2007  |p 5424658  |r 2025-04-23  |s 2025-04-21  |w 2019-11-22  |y BK_R  |z Catalogado en:20170922  |k ART